Deconstruction a student guide (Registro nro. 164459)

Detalles MARC
000 -ENCABEZADO
Número de control [NR] 00819 a2200217 4500
008 - DE LONGITUD FIJA DE DATOS DE ELEMENTOS - INFORMACIÓN GENERAL
Elementos de longitud fija [NR] 130821s1991 xxuao gr eng
020 ## - NUMERO INTERNACIONAL NORMALIZADO PARA LIBROS [R]
Número Internacional Normalizado del libro [NR] 1854900358
040 ## - FUENTE DE CATALOGACION [NR]
Quien Cataloga
Quien Clasifica
041 00 - CODIGO DE IDIOMA [R]
Código de idioma para texto/pista de sonido o título separado [R] Inglés
082 04 - NUMERO DE CLASIFICACION DECIMAL DEWEY [R]
Número de la edición [NR] 20
Número de clasificación [R] 724.6
245 00 - MENCION DE TITULO [NR]
Título [NR] Deconstruction a student guide
Mención de responsabilidad, etc. [NR] editor Jorge Glusberg
260 ## - PUBLICACION, DISTRIBUCION, ETC. (PIE DE IMPRENTA) [R]
Lugar de publicación, distribución, etc. [R] Nueva York (Estados Unidos)
Nombre del editor, distribuidor, etc. [R] Academy Editions
Fecha de publicación, distribución, etc. [R] 1991
300 ## - DESCRIPCION FISICA [R]
Extensión [R] 96 páginas
Otros detalles físicos [NR] ilustraciones, gráficas, fotografías
490 ## - MENCION DE SERIE [R]
Mención de serie [R] Journal of architectural theory and criticism
Designación numérica/secuencial del volumen [NR] 1:2:91.
504 ## - NOTA DE BIBLIOGRAFIA, ETC. [R]
Nota de bibliografía, etc. [NR] Incluye referencias bibliográficas
650 ## - ASIENTO SECUNDARIO DE MATERIA - TERMINO TEMATICO [R]
Término temático o nombre geográfico como elemento de entrada [NR] Arquitectura
9 (RLIN) 7290
650 #7 - ASIENTO SECUNDARIO DE MATERIA - TERMINO TEMATICO [R]
Término temático o nombre geográfico como elemento de entrada [NR] Arquitectura moderna
Subdivisión cronológica [R] Siglo XX
9 (RLIN) 28950
650 #7 - ASIENTO SECUNDARIO DE MATERIA - TERMINO TEMATICO [R]
Término temático o nombre geográfico como elemento de entrada [NR] Deconstructivismo (Arquitectura)
9 (RLIN) 28951
700 1# - ASIENTO SECUNDARIO - NOMBRE PERSONAL [R]
Nombre personal [NR] Glusberg, Jorge
Término de relación [R] editor
9 (RLIN) 28620
942 ## - ELEMENTOS DE ENTRADA AGREGADOS (KOHA)
Tipo de ítem principal el descrito en 300a Libro
Tema principal Arte
Edición 1
Parte restante de la signatura top. D296
Sistema de clasificación DEWEY
Clasificación 724.6
Existencias
Suprimido Perdido Sistema de clasificación Dañado No prestable Tipo de ítem específico Ubicación habitual Ubicación actual Localización Fecha de creación Forma de adquisición Costo Total préstamos Total Renewals Signatura topográfica Código de barras Última vez visto Fecha de último préstamo Ejemplar Price effective from Tipo de ítem
    DEWEY     Libro Claustro Claustro 2do piso 08/02/2013 Donación 26000.00 1 3 724.6 D296 100130141 06/12/2025 09/12/2015 Ej.1 08/02/2013 Libro